书目信息 |
| 题名: |
建设工程质量、投资、进度控制
|
|
| 作者: | 杨伟 , 陈烜 主编 | |
| 分册: | ||
| 出版信息: | 北京 中国建筑工业出版社 2015.01 |
|
| 页数: | 315页 | |
| 开本: | 26cm | |
| 丛书名: | 全国监理工程师执业资格考试模拟实战与考点分析 | |
| 单 册: | ||
| 中图分类: | TU712.3 | |
| 科图分类: | ||
| 主题词: | 建筑工程--jian zhu gong cheng--质量控制--资格考试--自学参考资料 , 建筑工程--jian zhu gong cheng--基本建设投资--资格考试--自学参考资料 , 建筑工程--jian zhu gong cheng--施工进度计划--资格考试--自学参考资料 | |
| 电子资源: | ||
| ISBN: | 978-7-112-16122-5 | |
| 000 | 01456nam 2200313 450 | |
| 001 | CAL 0120151506795 | |
| 005 | 20150814105713.85 | |
| 010 | @a978-7-112-16122-5@dCNY45.00 | |
| 100 | @a20150415d2015 em y0chiy50 ea | |
| 101 | 0 | @achi |
| 102 | @aCN@b110000 | |
| 105 | @aak z 000yy | |
| 106 | @ar | |
| 200 | 1 | @a建设工程质量、投资、进度控制@Ajian she gong cheng zhi liang 、 tou zi 、 jin du kong zhi@f本书编委会编 |
| 210 | @a北京@c中国建筑工业出版社@d2015.01 | |
| 215 | @a315页@c图@d26cm | |
| 225 | 2 | @a全国监理工程师执业资格考试模拟实战与考点分析@Aquan guo jian li gong cheng shi zhi ye zi ge kao shi mo ni shi zhan yu kao dian fen xi@e2015 |
| 314 | @a书内题: 杨伟, 陈烜主编 | |
| 330 | @a本书是全国监理工程师执业资格考试的复习参考书, 依据最新版考试大纲的要求编写。编者依据考试“点多、面广、题量大、分值小”的特点, 精心研究历年考试真题, 通过考试命题的规律, 预测考试试题可能的命题方向和考查重点, 编写了八套模拟试卷, 供考生冲刺所用。 | |
| 410 | 0 | @12001 @a全国监理工程师执业资格考试模拟实战与考点分析 (2015) |
| 586 | @a | |
| 606 | 0 | @a建筑工程@Ajian zhu gong cheng@x质量控制@x资格考试@j自学参考资料 |
| 606 | 0 | @a建筑工程@Ajian zhu gong cheng@x基本建设投资@x资格考试@j自学参考资料 |
| 606 | 0 | @a建筑工程@Ajian zhu gong cheng@x施工进度计划@x资格考试@j自学参考资料 |
| 690 | @aTU712.3@v5 | |
| 701 | 0 | @a杨伟@Ayang wei@4主编 |
| 701 | 0 | @a陈烜@Achen xuan@4主编 |
| 801 | 0 | @aCN@c20150820 |
| 905 | @a河南城建学院图书馆@dTU712.3@eJ311@f3 | |
| 建设工程质量、投资、进度控制/本书编委会编.-北京:中国建筑工业出版社,2015.01 |
| 315页:图;26cm.-(全国监理工程师执业资格考试模拟实战与考点分析:2015) |
| ISBN 978-7-112-16122-5:CNY45.00 |
| 本书是全国监理工程师执业资格考试的复习参考书, 依据最新版考试大纲的要求编写。编者依据考试“点多、面广、题量大、分值小”的特点, 精心研究历年考试真题, 通过考试命题的规律, 预测考试试题可能的命题方向和考查重点, 编写了八套模拟试卷, 供考生冲刺所用。 |
| ● |
| 相关链接 |
|
|
|
正题名:建设工程质量、投资、进度控制
索取号:TU712.3/J311
 
预约/预借
| 序号 | 登录号 | 条形码 | 馆藏地/架位号 | 状态 | 备注 |
| 1 | 1164416 | 211644167 | 建筑库201/201建筑库 23排3列2层/ [索取号:TU712.3/J311] | 在馆 | |
| 2 | 1164417 | 211644176 | 建筑库201/201建筑库 24排2列3层/ [索取号:TU712.3/J311] | 在馆 | |
| 3 | 1164418 | 211644185 | 建筑库201/201建筑库 24排2列3层/ [索取号:TU712.3/J311] | 在馆 |